Biblioteca

La unión hace la excelencia (Registro nro. 62610)

Detalles MARC
000 -LÍDER
Campo fijo de descripción fija 006260000a22001210004500
245 10 - TÍTULO
Título del Material La unión hace la excelencia
300 ## - DESCRIPCIÓN FÍSICA
Extensión Vol.0, núm.10 ( Febrero/Abril 2008), Páginas 10-11
500 ## - NOTA GENERAL
Nota General Una estrategia exitosa que Colombia ha emprendido en los últimos cuatro años es la creación de Centros de Excelencia, a través de los cuales grupos de investigación aportan al país soluciones de alto nivel a problemáticas específicas.
650 14 - ASIENTO SECUNDARIO DE MATERIA - TERMINO TEMÁTICO
Término temático o nombre geográfico como elemento de entrada EDUCACIÓN SUPERIOR-COLOMBIA
773 0# - HOST ITEM ENTRY
Title Educación superior : Boletín informativo
942 ## - TIPO DE MATERIAL (KOHA)
Tipo de Item KOHA Artículos de Revista
Existencias
Estado de Material Estado de Perdido Estado de Dañado No para Préstamo Colección Biblioteca de Origen Biblioteca Permanente Fecha de Adquisición Total de Préstamos Signatura Topográfica Última vez visto Fecha de Remplazo Tipo de Material
        Colección de Hemeroteca Biblioteca FUSBC Biblioteca FUSBC 26/01/2016   26/01/2016 26/01/2016 Artículos de Revista

Biblioteca FUSBC | Teléfono: (57+4) 349 88 10 Ext. 141| WhatsApp (+57) 3005338115 
E-mail: biblioteca@unisbc.edu.co | Calle 76 87-14 Robledo Palenque, Medellín, Colombia

Con tecnología Koha